[Event "POL-chT 2nd League"]
[Site "Sypniewo"]
[Date "2021.09.04"]
[Round "1.15"]
[White "Mierzynski, Jaroslaw"]
[Black "Szolc, Grzegorz"]
[Result "1-0"]
[WhiteElo "1922"]
[BlackElo "2036"]
[PlyCount "71"]
[EventDate "2021.09.04"]
[EventType "team-swiss"]
[EventRounds "9"]
[EventCountry "POL"]
[SourceTitle "CBM 204 Extra"]
[Source "ChessBase"]
[SourceDate "2021.11.30"]
[SourceVersion "1"]
[SourceVersionDate "2021.11.30"]
[SourceQuality "1"]
[WhiteTeam "Wolsztyn UKS Szach"]
[BlackTeam "Gliwice Politechnika Slaska"]
[WhiteTeamCountry "POL"]
[BlackTeamCountry "POL"]

1. d4 Nf6 2. Nf3 e6 3. e3 b6 4. b3 Bb7 5. Bd3 Ne4 6. Bb2 f5 7. 0-0 d6 8. c4 Nd7 9. Nc3 Ndf6 10. Nd2 Be7 11. f3 Nxc3 12. Bxc3 0-0 13. Qe2 c5 14. Rae1 Nd7 15. Bb1 Qe8 16. Qd3 Qh5 17. f4 Nf6 18. d5 exd5 19. Qxf5 Qxf5 20. Bxf5 dxc4 21. bxc4 Ne8 22. e4 Nc7 23. Re3 a6 24. Rg3 Bf6 25. e5 Bh4 26. Bxh7+ Kxh7 27. Rh3 g5 28. fxg5 Rxf1+ 29. Nxf1 dxe5 30. Rxh4+ Kg6 31. Rh6+ Kf5 32. Ng3+ Kxg5 33. Rh7 Rc8 34. Bxe5 Rd8 35. Bxc7 Rd1+ 36. Nf1 1-0

[Event "POL-chT Academic"]
[Site "Katowice"]
[Date "2020.11.15"]
[Round "9.13"]
[White "Kumala, Aleksander"]
[Black "Szolc, Grzegorz"]
[Result "1-0"]
[WhiteElo "2206"]
[BlackElo "2018"]
[PlyCount "133"]
[EventDate "2020.11.14"]
[EventType "team-swiss (rapid)"]
[EventRounds "9"]
[EventCountry "POL"]
[SourceTitle "CBM 199 Extra"]
[Source "ChessBase"]
[SourceDate "2021.01.31"]
[SourceVersion "1"]
[SourceVersionDate "2021.01.31"]
[SourceQuality "1"]
[WhiteTeam "Gdansk Univ"]
[BlackTeam "Gliwice Politechnika Slaska"]
[WhiteTeamCountry "POL"]
[BlackTeamCountry "POL"]

1. d4 Nf6 2. Bg5 d5 3. Bxf6 exf6 4. e3 Bf5 5. c4 Bxb1 6. Qxb1 Bb4+ 7. Kd1 dxc4 8. Bxc4 0-0 9. Nf3 c5 10. a3 Ba5 11. b4 cxb4 12. axb4 Bb6 13. b5 Nd7 14. Ke2 Re8 15. Qb3 Qe7 16. Rhc1 Nf8 17. Kf1 Ne6 18. Rc2 g6 19. Rac1 Kg7 20. Bd5 Red8 21. Nd2 Qd6 22. Bxe6 fxe6 23. Kg1 Qd5 24. Qb4 Rd7 25. Rc8 Rxc8 26. Rxc8 Bd8 27. Nf3 Be7 28. Qb2 a5 29. bxa6 bxa6 30. h4 Rb7 31. Qc2 a5 32. e4 Qd7 33. e5 f5 34. Ra8 Bb4 35. Qc4 Rc7 36. Qa6 h6 37. Qb6 Rb7 38. Qa6 Rc7 39. Rb8 Ra7 40. Qb6 Be7 41. d5 exd5 42. Nd4 a4 43. Rg8+ Kxg8 44. Qxg6+ Kh8 45. Qxh6+ Kg8 46. Qg6+ Kh8 47. Qh5+ Kg8 48. e6 Qc7 49. Qg6+ Kh8 50. Qh5+ Kg8 51. Qf7+ Kh8 52. Qh5+ Kg8 53. Qg6+ Kh8 54. Nxf5 Qc1+ 55. Kh2 Bf8 56. e7 Rxe7 57. Nxe7 Bxe7 58. Qe8+ Kh7 59. Qxe7+ Kh6 60. Qd6+ Kh7 61. Qd7+ Kh6 62. Qxa4 Qc7+ 63. g3 Qe5 64. Qf4+ Qxf4 65. gxf4 Kh5 66. f5 d4 67. Kg3 1-0

[Event "POL-chT Academic"]
[Site "Katowice"]
[Date "2020.11.15"]
[Round "8.1"]
[White "Szolc, Grzegorz"]
[Black "Janik, Igor"]
[Result "0-1"]
[WhiteElo "2018"]
[BlackElo "2489"]
[PlyCount "42"]
[EventDate "2020.11.14"]
[EventType "team-swiss (rapid)"]
[EventRounds "9"]
[EventCountry "POL"]
[SourceTitle "CBM 199 Extra"]
[Source "ChessBase"]
[SourceDate "2021.01.31"]
[SourceVersion "1"]
[SourceVersionDate "2021.01.31"]
[SourceQuality "1"]
[WhiteTeam "Gliwice Politechnika Slaska"]
[BlackTeam "Warszawa Kozminskiego Akad"]
[WhiteTeamCountry "POL"]
[BlackTeamCountry "POL"]

1. d4 Nf6 2. Bf4 d6 3. Nc3 Nbd7 4. Nf3 c5 5. d5 g6 6. e4 Bg7 7. Qd2 a6 8. a4 Qa5 9. e5 Nh5 10. e6 Nxf4 11. exd7+ Bxd7 12. Qxf4 Bxc3+ 13. Kd1 Bf6 14. Nd2 b5 15. Nb3 Qd8 16. Be2 Bxb2 17. Rb1 Be5 18. Qh6 bxa4 19. Nd2 a3 20. Bc4 Rb8 21. Ke2 Bb5 0-1

[Event "POL-ch Academic"]
[Site "Katowice"]
[Date "2020.11.14"]
[Round "7"]
[White "Szolc, Grzegorz"]
[Black "Oszczanowski, Witold"]
[Result "1-0"]
[WhiteElo "2018"]
[BlackElo "2077"]
[PlyCount "87"]
[EventDate "2020.11.13"]
[EventType "swiss (rapid)"]
[EventRounds "9"]
[EventCountry "POL"]
[SourceTitle "CBM 199 Extra"]
[Source "ChessBase"]
[SourceDate "2021.01.31"]
[SourceVersion "1"]
[SourceVersionDate "2021.01.31"]
[SourceQuality "1"]

1. d4 Nf6 2. Bf4 c5 3. d5 Qb6 4. Nc3 Qxb2 5. Bd2 Qb6 6. e4 d6 7. f4 Bg4 8. Nf3 a6 9. h3 Bxf3 10. Qxf3 Nbd7 11. Rb1 Qc7 12. a4 b6 13. Bc4 Ra7 14. 0-0 g6 15. Qe2 Nb8 16. e5 Nh5 17. Ne4 Kd8 18. Bc3 Bg7 19. g4 dxe5 20. gxh5 Nd7 21. Rbd1 Qb8 22. Ng5 Ke8 23. d6 e6 24. fxe5 Rf8 25. Bxa6 h6 26. Nf3 g5 27. Bb5 Kd8 28. Nh2 Qa8 29. Ng4 Ra5 30. Qg2 Qa7 31. Qc6 Rxb5 32. axb5 Nb8 33. Qc7+ Qxc7 34. dxc7+ Kxc7 35. Rd2 Nd7 36. Rfd1 Rd8 37. Nf6 Bxf6 38. exf6 Kc8 39. Kg2 Kc7 40. Kf3 e5 41. Rxd7+ Rxd7 42. Rxd7+ Kxd7 43. Bxe5 Ke6 44. Ke4 1-0

[Event "POL-chT 2nd League"]
[Site "Jastrzebia Gora"]
[Date "2019.09.14"]
[Round "8.4"]
[White "Jaskolka, Tomasz"]
[Black "Szolc, Grzegorz"]
[Result "1/2-1/2"]
[WhiteElo "2236"]
[BlackElo "2038"]
[PlyCount "124"]
[EventDate "2019.09.07"]
[EventType "team-swiss"]
[EventRounds "9"]
[EventCountry "POL"]
[SourceTitle "EXT 2020"]
[Source "ChessBase"]
[SourceDate "2019.10.17"]
[SourceVersion "1"]
[SourceVersionDate "2019.10.17"]
[SourceQuality "1"]
[WhiteTeam "Stara Wies Parnas"]
[BlackTeam "Gliwice Politechnika Slaska"]
[WhiteTeamCountry "POL"]
[BlackTeamCountry "POL"]

1. d4 Nf6 2. Nf3 e6 3. e3 b6 4. Bd3 Bb7 5. Nbd2 c5 6. 0-0 d5 7. b3 Be7 8. Bb2 0-0 9. Ne5 Ne4 10. f3 Nxd2 11. Qxd2 f6 12. Ng4 Nc6 13. c3 f5 14. Nf2 a5 15. Rfe1 Ba6 16. Bxa6 Rxa6 17. e4 fxe4 18. fxe4 Ra7 19. Qe2 Kh8 20. Nd3 cxd4 21. cxd4 Bf6 22. e5 Bg5 23. Rf1 Raf7 24. Rxf7 Rxf7 25. Bc1 Nxd4 26. Qg4 Bxc1 27. Rxc1 Nf5 28. Nf4 Qd7 29. Qg5 Ne7 30. Ne2 h6 31. Qe3 b5 32. Qc5 Ng6 33. Nd4 Nxe5 34. Qc8+ Kh7 35. Nxe6 Qxc8 36. Rxc8 Kg6 37. Rc5 Kf5 38. Nd4+ Ke4 39. Nxb5 Rd7 40. Nc3+ Kd4 41. Na4 Nd3 42. Rxa5 Rc7 43. h4 Nf4 44. g3 Ne2+ 45. Kf2 Rc2 46. Kf3 Rxa2 47. Ra7 g5 48. h5 Nc1 49. Rh7 Nxb3 50. Nb6 Nd2+ 51. Kg4 Ne4 52. Rxh6 Ra3 53. Rc6 Rxg3+ 54. Kf5 Rf3+ 55. Kg6 g4 56. h6 Rh3 57. Rc1 g3 58. Rd1+ Kc5 59. Nxd5 g2 60. h7 Rh1 61. Rg1 Kxd5 62. Rxg2 Nf6 1/2-1/2

[Event "POL-chT 2nd League"]
[Site "Jastrzebia Gora"]
[Date "2019.09.13"]
[Round "7.7"]
[White "Szolc, Grzegorz"]
[Black "Leskiewicz, Ignacy"]
[Result "1/2-1/2"]
[WhiteElo "2038"]
[BlackElo "2116"]
[PlyCount "98"]
[EventDate "2019.09.07"]
[EventType "team-swiss"]
[EventRounds "9"]
[EventCountry "POL"]
[SourceTitle "EXT 2020"]
[Source "ChessBase"]
[SourceDate "2019.10.17"]
[SourceVersion "1"]
[SourceVersionDate "2019.10.17"]
[SourceQuality "1"]
[WhiteTeam "Gliwice Politechnika Slaska"]
[BlackTeam "Konin UKS Smecz"]
[WhiteTeamCountry "POL"]
[BlackTeamCountry "POL"]

1. d4 Nf6 2. Bf4 g6 3. Nc3 d5 4. e3 Bg7 5. h4 h5 6. Nb5 Na6 7. Nf3 c6 8. Nc3 Nb8 9. Bd3 Nbd7 10. Ne5 0-0 11. Ne2 Qb6 12. b3 c5 13. c3 Nxe5 14. Bxe5 Ng4 15. Bxg7 Kxg7 16. Qd2 Qf6 17. f3 Nh6 18. 0-0-0 cxd4 19. exd4 a5 20. Rdf1 Qd6 21. Kb2 b5 22. g4 b4 23. gxh5 bxc3+ 24. Nxc3 a4 25. Nb5 Qb6 26. Rfg1 axb3 27. axb3 Bf5 28. hxg6 f6 29. Re1 Rfe8 30. h5 Bxd3 31. Qxd3 Rab8 32. Na3 Qd6 33. Re2 e6 34. Rhe1 Nf5 35. Rc2 Re7 36. Rec1 Reb7 37. Rc3 Qh2+ 38. Qc2 Qxh5 39. Rc7+ Ne7 40. Qc5 Rxb3+ 41. Ka1 Qxf3 42. Qxe7+ Kh6 43. Qh7+ Kg5 44. Rg1+ Kf4 45. Qh4+ Ke3 46. Nc2+ Kd3 47. Ne1+ Ke3 48. Nc2+ Kd3 49. Ne1+ Ke3 1/2-1/2

[Event "POL-chT Academic"]
[Site "Katowice"]
[Date "2018.02.03"]
[Round "2.2"]
[White "Molenda, Marcin"]
[Black "Szolc, Grzegorz"]
[Result "1-0"]
[WhiteElo "2386"]
[BlackElo "2018"]
[PlyCount "47"]
[EventDate "2018.02.03"]
[EventType "team-swiss (rapid)"]
[EventRounds "9"]
[EventCountry "POL"]
[SourceTitle "CBM 182 Extra"]
[Source "ChessBase"]
[SourceDate "2018.02.23"]
[SourceVersion "1"]
[SourceVersionDate "2018.02.23"]
[SourceQuality "1"]
[WhiteTeam "Krakow AGH"]
[BlackTeam "Gliwice Politechnika Slaska"]
[WhiteTeamCountry "POL"]
[BlackTeamCountry "POL"]

1. e4 c5 2. Nf3 e6 3. b3 b6 4. c4 Bb7 5. Nc3 d6 6. d4 cxd4 7. Nxd4 Nf6 8. Bd3 Be7 9. 0-0 0-0 10. Bb2 Nbd7 11. Qe2 a6 12. Rad1 Qc7 13. Bb1 Rfd8 14. Kh1 Rac8 15. f4 Nf8 16. Qe3 N6d7 17. Qg3 Bf6 18. Rd2 Nc5 19. Rfd1 Ng6 20. Nf3 Ba8 21. h4 Nf8 22. Nd5 exd5 23. Bxf6 g6 24. exd5 1-0

[Event "POL-chT U19 2nd League"]
[Site "Szczyrk"]
[Date "2014.07.26"]
[Round "2.14"]
[White "Pilzak, Marcin"]
[Black "Szolc, Grzegorz"]
[Result "0-1"]
[WhiteElo "1974"]
[BlackElo "1883"]
[PlyCount "178"]
[EventDate "2014.07.25"]
[EventType "team-swiss"]
[EventRounds "11"]
[EventCountry "POL"]
[SourceTitle "EXT 2015"]
[Source "ChessBase"]
[SourceDate "2014.11.20"]
[SourceVersion "1"]
[SourceVersionDate "2014.11.20"]
[SourceQuality "1"]
[WhiteTeam "Leszno Wieniawa U19"]
[BlackTeam "Gliwice Politechnika Slaska U19"]
[WhiteTeamCountry "POL"]
[BlackTeamCountry "POL"]

1. e4 c5 2. Nf3 e6 3. d4 cxd4 4. Nxd4 Nc6 5. Nb5 d6 6. c4 Nf6 7. N1c3 a6 8. Na3 Be7 9. Be2 0-0 10. 0-0 b6 11. Be3 Bb7 12. Qb3 Nd7 13. Rfd1 Nc5 14. Qc2 Bf6 15. Rac1 Be5 16. Nab1 f5 17. exf5 Rxf5 18. Bg4 Qh4 19. Bxf5 Qxh2+ 20. Kf1 exf5 21. Qxf5 Qh1+ 22. Ke2 Qxg2 23. Rg1 Qh2 24. Nd5 Rf8 25. Qg4 Bc8 26. Qg2 Qh5+ 27. Kd2 Qf5 28. Nbc3 Qd3+ 29. Ke1 Nd4 30. f4 Kh8 31. b4 Nce6 32. Rf1 Bf6 33. Qf2 Nf5 34. Qe2 Bxc3+ 35. Rxc3 Qxe2+ 36. Kxe2 Ng3+ 37. Ke1 Nxf1 38. Kxf1 Bb7 39. Nxb6 Nxf4 40. Bxf4 Rxf4+ 41. Kg1 h5 42. Rd3 Rf6 43. Nd5 Rg6+ 44. Kh2 Rg4 45. Ne3 Re4 46. Nf5 Rxc4 47. Nxd6 Rxb4 48. Kh3 Bc6 49. Rc3 Bd7+ 50. Kg3 h4+ 51. Kf3 h3 52. Rc2 Rd4 53. Nf7+ Kg8 54. Ne5 Be6 55. Re2 Bd5+ 56. Kg3 Bg2 57. Ng6 Kh7 58. Ne7 g6 59. Nc8 Kh6 60. Ne7 Rd3+ 61. Kh2 Kg7 62. Re6 Kf7 63. Nxg6 Rd2 64. Rb6 Rxa2 65. Nf4 Bf1+ 66. Kh1 a5 67. Rb1 Bg2+ 68. Nxg2 hxg2+ 69. Kg1 Ke6 70. Rb5 Kd6 71. Rg5 a4 72. Ra5 a3 73. Kh2 Kc6 74. Kg1 Kb6 75. Ra4 Kb5 76. Ra8 Kc4 77. Ra7 Kb3 78. Rb7+ Kc3 79. Ra7 Ra1+ 80. Kxg2 Kb2 81. Rb7+ Ka2 82. Kf2 Rb1 83. Ra7 Rb3 84. Ke2 Kb2 85. Rd7 a2 86. Rd2+ Ka3 87. Rd1 Rb1 88. Rd3+ Kb4 89. Rd4+ Kc5 0-1

[Event "POL-chT2"]
[Site "Poronin"]
[Date "2013.09.12"]
[Round "6.29"]
[White "Szolc, Grzegorz"]
[Black "Zawierucha, Aleksander"]
[Result "1/2-1/2"]
[WhiteElo "1854"]
[BlackElo "2008"]
[PlyCount "123"]
[EventDate "2013.09.06"]
[EventType "team-swiss"]
[EventRounds "9"]
[EventCountry "POL"]
[SourceTitle "EXT 2015"]
[Source "ChessBase"]
[SourceDate "2014.11.20"]
[SourceVersion "1"]
[SourceVersionDate "2014.11.20"]
[SourceQuality "1"]
[WhiteTeam "Gliwice Politechnika Slaska"]
[BlackTeam "Czerwionka Leszczyny Skoczek"]
[WhiteTeamCountry "POL"]
[BlackTeamCountry "POL"]

1. e4 Nf6 2. Nc3 d5 3. exd5 Nxd5 4. Bc4 c6 5. Qf3 e6 6. Nge2 Nd7 7. d4 Be7 8. 0-0 0-0 9. Re1 N7f6 10. Ne4 Nxe4 11. Qxe4 Nf6 12. Qf3 Qa5 13. c3 Bd7 14. Bf4 Qb6 15. a4 a5 16. Be5 c5 17. Bd3 Bc6 18. Qh3 h6 19. Qg3 Rac8 20. dxc5 Qxc5 21. Nd4 Rfd8 22. Bc2 Bd6 23. Nxc6 Qxc6 24. Rad1 Bxe5 25. Qxe5 Qb6 26. Qb5 Qc7 27. h3 b6 28. Bb1 g6 29. Qe2 Nh5 30. g3 Qc5 31. Qf3 Qc7 32. Qe2 Qc6 33. Bc2 Ng7 34. Qe3 h5 35. Qg5 Qc7 36. Qe3 Ne8 37. Qg5 Kg7 38. Qe3 Rxd1 39. Rxd1 Rd8 40. Rxd8 Qxd8 41. Qe5+ Kg8 42. g4 hxg4 43. hxg4 Qd2 44. Be4 Qd1+ 45. Kh2 Qxg4 46. Bc6 Qh4+ 47. Kg2 Nf6 48. Qb8+ Kg7 49. Qxb6 Ng4 50. b4 Qh2+ 51. Kf1 Qh3+ 52. Ke2 Qxc3 53. bxa5 Ne5 54. Bb5 Qb2+ 55. Kf1 Qc1+ 56. Kg2 Qg5+ 57. Kf1 Qc1+ 58. Kg2 Qg5+ 59. Kf1 Qc1+ 60. Kg2 g5 61. a6 g4 62. Qe3 1/2-1/2

[Event "POL Region-ch U17"]
[Site "Szczyrk"]
[Date "2012.10.21"]
[Round "8.3"]
[White "Faron, Rafal"]
[Black "Szolc, Grzegorz"]
[Result "1/2-1/2"]
[WhiteElo "1900"]
[BlackElo "1774"]
[PlyCount "22"]
[EventDate "2012.10.14"]
[EventType "swiss"]
[EventRounds "9"]
[EventCountry "POL"]
[SourceTitle "EXT 2023"]
[Source "ChessBase"]
[SourceDate "2022.10.05"]
[SourceVersion "1"]
[SourceVersionDate "2022.10.05"]
[SourceQuality "1"]

1. d4 Nf6 2. Bg5 d5 3. e3 e6 4. Nf3 Nbd7 5. c4 Bb4+ 6. Nc3 c5 7. Bxf6 Nxf6 8. a3 Bxc3+ 9. bxc3 Qa5 10. Qb3 0-0 11. Be2 cxd4 1/2-1/2

[Event "POL Region-ch U17"]
[Site "Szczyrk"]
[Date "2012.10.21"]
[Round "5.4"]
[White "Szolc, Grzegorz"]
[Black "Dzierzak, Radoslaw"]
[Result "0-1"]
[WhiteElo "1774"]
[BlackElo "1918"]
[PlyCount "88"]
[EventDate "2012.10.14"]
[EventType "swiss"]
[EventRounds "9"]
[EventCountry "POL"]
[SourceTitle "EXT 2023"]
[Source "ChessBase"]
[SourceDate "2022.10.05"]
[SourceVersion "1"]
[SourceVersionDate "2022.10.05"]
[SourceQuality "1"]

1. e4 d5 2. exd5 Qxd5 3. Nc3 Qa5 4. Bc4 Nf6 5. d3 Bg4 6. Nge2 e5 7. Bd2 c6 8. Nd5 Qd8 9. Ne3 Bc5 10. 0-0 Bh5 11. Nf5 0-0 12. Nfg3 Bg6 13. Bc3 b5 14. Bb3 Qc7 15. Qe1 a5 16. a4 b4 17. Bd2 Nbd7 18. Kh1 Qb6 19. h3 Rfe8 20. f3 Nd5 21. Ne4 Bf8 22. Qf2 Qxf2 23. Nxf2 Nc5 24. Bc4 Nb6 25. b3 Nxc4 26. bxc4 b3 27. cxb3 Nxb3 28. Ra2 Red8 29. Bc3 f6 30. Rd1 Bf7 31. Rb1 Nc5 32. Rd1 Rdb8 33. Nc1 Rb1 34. Kg1 Bd6 35. Kf1 Bc7 36. Ke2 Rd8 37. h4 f5 38. g4 e4 39. fxe4 fxe4 40. Rad2 Bf4 41. Rc2 exd3+ 42. Nfxd3 Nxd3 43. Bxa5 Nxc1+ 44. Rcxc1 Re8+ 0-1

[Event "POL Region-ch U17"]
[Site "Szczyrk"]
[Date "2012.10.21"]
[Round "1.1"]
[White "Szolc, Grzegorz"]
[Black "Mroziak, Maciej"]
[Result "0-1"]
[WhiteElo "1774"]
[BlackElo "2164"]
[PlyCount "80"]
[EventDate "2012.10.14"]
[EventType "swiss"]
[EventRounds "9"]
[EventCountry "POL"]
[SourceTitle "EXT 2023"]
[Source "ChessBase"]
[SourceDate "2022.10.05"]
[SourceVersion "1"]
[SourceVersionDate "2022.10.05"]
[SourceQuality "1"]

1. e4 c5 2. Nf3 Nf6 3. e5 Nd5 4. Nc3 e6 5. Nxd5 exd5 6. d4 Nc6 7. c3 d6 8. exd6 Bxd6 9. Be3 c4 10. Be2 0-0 11. Qd2 Qc7 12. g3 Re8 13. 0-0 Bg4 14. Rfe1 Rad8 15. Nh4 Qd7 16. Ng2 b5 17. Bxg4 Qxg4 18. Bf4 Bf8 19. Rxe8 Rxe8 20. Re1 Rxe1+ 21. Nxe1 b4 22. f3 Qe6 23. Qe3 a5 24. Qxe6 fxe6 25. Kf2 Kf7 26. Ke2 Kf6 27. h4 a4 28. Bc1 Bd6 29. f4 Bc7 30. Nf3 Kf5 31. Ne5 Nxe5 32. fxe5 bxc3 33. bxc3 Ba5 34. Bd2 Ke4 35. Be1 h5 36. Bd2 Bd8 37. Bf4 Bxh4 38. Kf2 Be7 39. Ke2 h4 40. Kd2 h3 0-1

[Event "POL Region-ch U17"]
[Site "Szczyrk"]
[Date "2012.10.21"]
[Round "6.8"]
[White "Szolc, Grzegorz"]
[Black "Slany, Wiktor"]
[Result "1/2-1/2"]
[WhiteElo "1774"]
[BlackElo "1622"]
[PlyCount "41"]
[EventDate "2012.10.14"]
[EventType "swiss"]
[EventRounds "9"]
[EventCountry "POL"]
[SourceTitle "EXT 2023"]
[Source "ChessBase"]
[SourceDate "2022.10.05"]
[SourceVersion "1"]
[SourceVersionDate "2022.10.05"]
[SourceQuality "1"]

1. e4 e5 2. Nf3 Nc6 3. d4 exd4 4. Nxd4 Bc5 5. Be3 Qf6 6. c3 Qg6 7. Nd2 Nge7 8. g3 Bxd4 9. cxd4 d5 10. Bg2 dxe4 11. Bxe4 Bf5 12. Bxf5 Nxf5 13. d5 Nxe3 14. fxe3 Ne5 15. Qa4+ c6 16. dxc6 Qxc6 17. Qxc6+ Nxc6 18. 0-0 Rd8 19. Rad1 0-0 20. Nc4 f6 21. a4 1/2-1/2